| 000 | 00975nam a2200253Ia 4500 | ||
|---|---|---|---|
| 005 | 20211111074832.0 | ||
| 008 | 130821s2007 ck gr spa | ||
| 020 | _a9588316161 | ||
| 040 |
_aCo-BoUCM _bspa |
||
| 041 | 0 | 0 | _aspa |
| 100 | 1 |
_aTorres Carrillo, Alfonso _980529 |
|
| 245 | 1 | 0 |
_aIdentidad y política de la acción colectiva organizaciones populares y luchas urbanas en Bogotá 1980-2000 _cAlonso Torres Carrillo |
| 260 |
_aBogotá (Colombia) _bEditorial Nomos, Universidad Pedagógica Nacional _c2007 |
||
| 300 | _a317 páginas | ||
| 490 | _aColección Ciencias Sociales | ||
| 650 | 0 | 4 |
_aCiencia política _zBogotá (Colombia) _9340 |
| 650 | 0 | 4 |
_aMovimientos juveniles _919840 |
| 650 | 0 | 4 |
_aRevoluciones políticas _923778 |
| 650 | 0 | 4 |
_aSociología _9386 |
| 650 | 0 | 4 |
_aViolencia _zBogotá (Colombia) _9422 |
| 700 | 1 |
_aUniversidad Pedagógica Nacional _9108429 |
|
| 942 |
_cLIBRO _a5 _e1 _mT693i _2DEWEY _h307.768614 |
||
| 999 |
_c53452 _d53452 |
||